| 000 | 00670nam a2200253Ia 4500 | ||
|---|---|---|---|
| 003 | OSt | ||
| 005 | 20221007100428.0 | ||
| 006 | a|||||r|||| 00| 0 | ||
| 007 | ta | ||
| 008 | 221006b |||||||| |||| 00| 0 eng d | ||
| 020 | _a0070493170 | ||
| 024 | _a4,395 | ||
| 037 | _cTextual | ||
| 040 |
_aLCO _cLCO _beng |
||
| 041 |
_2eng _aeng |
||
| 082 | _aX:95:(Z73), L8 | ||
| 100 |
_aPeres Richard _9696294 |
||
| 245 | 0 | _aDealing with Employment Discrimination | |
| 260 |
_aNew _bYork McGraw- Hill Book Company U.S.A. _c1978 |
||
| 300 | _a330 | ||
| 650 | _aEMPLOYMENT | ||
| 942 |
_hX:95:(Z73), L8 _cTEXL |
||
| 999 |
_c1173958 _d1173958 |
||